The last vigilant / Mark A. Latham.
Available copies
- 2 of 2 copies available at LARL/NWRL Consortium.
- 2 of 2 copies available at Lake Agassiz Regional Library. (Show preferred library)
Current holds
0 current holds with 2 total copies.
Show Only Available Copies
| Location | Call Number / Copy Notes | Barcode | Shelving Location | Status | Due Date |
|---|---|---|---|---|---|
| Crookston Public Library | SF LAT (Text) | 33500014221790 | New | Available | - |
| Detroit Lakes Public Library | SF LAT (Text) | 33500014221782 | New | Available | - |
Record details
- ISBN: 9780316574457
- ISBN: 0316574457
- ISBN: 9780356524498
- ISBN: 0356524493
- Physical Description: 560 pages : map ; 20 cm.
- Edition: First edition.
- Publisher: New York, NY : Orbit, 2025.
- Copyright: ©2025
Content descriptions
| General Note: | Includes an excerpt for Kingdom of Oak and steel book 2. |
| Summary, etc.: | "Shunned by the soldiers he commands, haunted by ... Read More |
Search for related items by subject
| Subject: | Magic > Fiction. Outcasts > Fiction. Imaginary wars and battles > Fiction. |
| Genre: | Fantasy fiction. Science fiction. Novels. |
Search for related items by series
| LDR | 02949cam a22006018i 4500 | ||
|---|---|---|---|
| 001 | 458993 | ||
| 003 | LARL_NWRL_CONSORTIUM | ||
| 005 | 20250701165827.0 | ||
| 008 | 241018t20252025nyub 000 1 eng | ||
| 007 | t| | ||
| 010 | . | ‡a 2024047376 | |
| 040 | . | ‡aDLC ‡beng ‡erda ‡cDLC ‡dOCLCO ‡dUKMGB ‡dVP@ ‡dOCLCO ‡dHBP | |
| 015 | . | ‡aGBC539766 ‡2bnb | |
| 016 | 7 | . | ‡a300543007 ‡2Uk |
| 020 | . | ‡a9780316574457 ‡q(trade paperback) | |
| 020 | . | ‡a0316574457 | |
| 020 | . | ‡z9780316574464 ‡q(ebook) | |
| 020 | . | ‡a9780356524498 ‡qpaperback | |
| 020 | . | ‡a0356524493 | |
| 020 | . | ‡z9780356524481 ‡qePub ebook | |
| 024 | 8 | . | ‡aCIPO000221433 |
| 035 | . | ‡a(OCoLC)1426763347 | |
| 042 | . | ‡apcc | |
| 082 | 0 | 4. | ‡a823/.92 ‡223/eng/20241018 |
| 100 | 1 | . | ‡aLatham, Mark ‡c(Wargamer), ‡eauthor. ‡1https://id.oclc.org/worldcat/entity/E39PCjFyT7phKxv3fMh8JmWmtX |
| 245 | 1 | 4. | ‡aThe last vigilant / ‡cMark A. Latham. |
| 250 | . | ‡aFirst edition. | |
| 264 | 1. | ‡aNew York, NY : ‡bOrbit, ‡c2025. | |
| 264 | 4. | ‡c©2025 | |
| 300 | . | ‡a560 pages : ‡bmap ; ‡c20 cm. | |
| 336 | . | ‡atext ‡btxt ‡2rdacontent | |
| 337 | . | ‡aunmediated ‡bn ‡2rdamedia | |
| 338 | . | ‡avolume ‡bnc ‡2rdacarrier | |
| 490 | 0 | . | ‡aKingdom of Oak and Steel ; ‡v1 |
| 500 | . | ‡aIncludes an excerpt for Kingdom of Oak and steel book 2. | |
| 520 | . | ‡a"Shunned by the soldiers he commands, haunted by past tragedies, Sargent Holt Hawley is a broken man. But the child of a powerful ally has gone missing, and war between once peaceful nations is on the horizon. So, he and his squad have been sent to find a myth: the Vigilant. They are a rumored last survivor of an ancient order capable of performing acts of magic, and they've been lost to the world for decades. No one truly expects Hawley to succeed. When he is forced to abandon his men, he stumbles upon a woman who claims to be the Last Vigilant. Enelda Drake is wizened and out of practice, and she seems a far cry from the heroes of legend. But they will need her powers, and each other, to survive. For nothing in the town of Scarfell is as it seems. Corrupt soldiers and calculating politicians thwart their efforts at every turn. And there are dark whispers on the wind threatening the arrival of an ancient and powerful enemy. The Last Vigilant is not the only myth returning from the dead"-- ‡cProvided by publisher. | |
| 650 | 0. | ‡aMagic ‡vFiction. ‡0(LARL_NWRL_CONSORTIUM)165984 | |
| 650 | 0. | ‡aOutcasts ‡vFiction. | |
| 650 | 0. | ‡aImaginary wars and battles ‡vFiction. ‡0(LARL_NWRL_CONSORTIUM)165215 | |
| 655 | 7. | ‡aFantasy fiction. ‡2lcgft | |
| 655 | 7. | ‡aScience fiction. ‡2lcgft | |
| 655 | 7. | ‡aNovels. ‡2lcgft | |
| 776 | 0 | 8. | ‡iebook version : ‡z9780356524481 |
| 901 | . | ‡a458993 ‡bOCoLC ‡c458993 ‡tbiblio ‡soclc | |

Add to basket
Permalink
Disable Highlighting